Представление документа в формате RUSMARC

ПолеНазваниеЗначение
  Тип записи a
  Библиографический уровень c
001 Контрольный номер RU/SLIB/B/208741870
005 Дата корректировки 20260312115012.2
010 Индекс ISBN __
a ISBN 5-7248-0074-8
d Цена 107-40
101 Язык документа 0_
a Язык текста rus
200 Заглавие и сведения об ответственности 1_
a Заглавие Собрание сочинений
e Сведения, относящиеся к заглавию в 12 т.
f Первые сведения об ответственности Г. П. Федотов ; пер., примеч. С. С. Бычков
b Общее обозначение материала Текст
h Номер части Т. 10 ; Ч. 1
i Наименование части Русская религиозность. Христианство Киевской Руси, X-XIII вв.
210 Выходные данные 1_
a Место издания М.
c Издательство Мартис
c Издательство SAM & SAM
d Дата издания 2001
215 Физическое описание __
a Объем 398 с.
330 Аннотация __
a Аннотация Рассмотрена история русской церкви 10-13 вв., особенности русского религиозного сознания.
600 Персоналии _1
a Персоналии (Фамилия) Борис
600 Персоналии _1
a Персоналии (Фамилия) Глеб
600 Персоналии _1
a Персоналии (Фамилия) Феодосий
600 Персоналии _1
a Персоналии (Фамилия) Кирилл Туровский
600 Персоналии _1
a Персоналии (Фамилия) Авраамий Смоленский
600 Персоналии _1
a Персоналии (Фамилия) Владимир Мономах
606 Тематические рубрики __
a Основная рубрика Философия
z Хронологическая подрубрика 10 в.; 11 в.; 12 в.; 13 в.
y Географическая подрубрика Россия; Киевская Русь; Византия
606 Тематические рубрики __
a Основная рубрика Религия. Мистика. Свободомыслие
606 Тематические рубрики __
a Основная рубрика Философия России и СССР
606 Тематические рубрики __
a Основная рубрика Христианство в целом
610 Ключевые слова 0_
a Ключевые слова церкви; религиозность; обряды; литургия; каноны; сознание; язычество; святые; аскетизм; ритуалы; духовенство; эсхатология; мистицизм; дуализм; национализм; государства; моление; история; православие; персоналии
686 Индексы других классификаций __
a Классификационный индекс 87.3(2)6
686 Индексы других классификаций __
a Классификационный индекс 86.37-3
700 Автор _1
a Фамилия Федотов
b Имя Г. П.
4 Код отношения 070
702 Вторичная интеллектуальная ответственность _1
a Фамилия Бычков
b Имя С. С.
4 Код отношения Переводчик
4 Код отношения 730
4 Код отношения 080
801 Источник записи _0
a Страна RU
b Организация Муниципальное бюджетное учреждение культуры "Централизованная библиотечная система" г. Сургут (Центральная городская библиотека им. А. С. Пушкина)
g Правила каталогизации КиК/Котельникова
801 Источник записи _1
a Страна RU
b Организация Муниципальное бюджетное учреждение культуры "Централизованная библиотечная система" г. Сургут (Центральная городская библиотека им. А. С. Пушкина)
g Правила каталогизации КиК/Котельникова
852 Данные о местонахождении __
j Шифр хранения 87.3(2)6
c Каталожный индекс 87.3(2)6; 86.37-3
i Авторский знак Ф 34
901 Тип документа 1_
t Тип документа x
903 Характеристики (МАРС) __
a Дата передачи 20030604
969 Тип издания __
a Тип издания сборник
990 Данные о заказе (DOS) __
j Количество экземпляров (DOS) 3
t N записи в КСУ для И/У (DOS) 200306